[Event "International Championship of Central Se"]
[Site "Paracin, hotel "]
[Date "2016.07.13"]
[Round "8.48"]
[White "Djokic, Slavoljub"]
[Black "Mamontova, Anastasia"]
[Result "1-0"]
[WhiteElo "2167"]
[BlackElo "2084"]
[PlyCount "107"]
[EventDate "2016.07.07"]

1. c4 e5 2. Nc3 Nc6 3. Nf3 f5 4. d3 g6 5. g3 Nf6 6. Bg2 Bg7 7. O-O O-O 8. Bg5
d6 9. Nd5 Ne7 10. Rc1 c6 11. Nxf6+ Bxf6 12. Bxf6 Rxf6 13. c5 Be6 14. Ng5 Bd5
15. e4 Bf7 16. Nxf7 Rxf7 17. Qb3 Rb8 18. Qa3 Nc8 19. exf5 Rxf5 20. Bh3 Rh5 21.
Bg4 Rh6 22. Rfe1 Qg5 23. Be6+ Kg7 24. cxd6 Qf6 25. Bxc8 Rxc8 26. Qxa7 Rf8 27.
Qxb7+ Rf7 28. Qb6 Qxd6 29. Rxc6 Qd7 30. Re6 Qxd3 31. R6xe5 Qd7 32. Qe6 Qd4 33.
R5e2 Qa7 34. a3 Rh5 35. Qe3 Qd7 36. f4 Rd5 37. Qc3+ Kh6 38. Re5 Rd3 39. Qc5 Qg4
40. Rg5 Qd7 41. Rh5+ Kg7 42. Qe5+ Kg8 43. Qe8+ Kg7 44. Qxd7 Rfxd7 45. Rhe5 Kf6
46. R1e2 Rc7 47. Kf2 Rc1 48. Re7 h5 49. h3 Rb3 50. g4 hxg4 51. hxg4 Rb6 52. b4
Rc3 53. R2e3 Rxa3 54. g5+ 1-0

[Event "International Championship of Central Se"]
[Site "Paracin, hotel "]
[Date "2016.07.13"]
[Round "8.49"]
[White "Djordjevic, Lazar"]
[Black "Suc, Timothy"]
[Result "0-1"]
[WhiteElo "2022"]
[BlackElo "2034"]
[PlyCount "54"]
[EventDate "2016.07.07"]

1. e4 c5 2. Nf3 d6 3. d4 cxd4 4. Qxd4 Nc6 5. Bb5 Bd7 6. Bxc6 Bxc6 7. Nc3 e5 8.
Qd3 h6 9. Be3 Nf6 10. h3 Be7 11. O-O O-O 12. Rad1 b5 13. Nd2 a6 14. a3 Qc7 15.
Ne2 d5 16. exd5 Nxd5 17. c4 Nxe3 18. Qxe3 Bg5 19. Qg3 bxc4 20. h4 Bf6 21. Nd4
Bb7 22. Nf5 Kh7 23. Rc1 Qd7 24. Ne3 Qxd2 25. Rfd1 Qe2 26. Rc2 Qh5 27. Rxc4 Rad8
0-1

[Event "International Championship of Central Se"]
[Site "Paracin, hotel "]
[Date "2016.07.13"]
[Round "8.50"]
[White "Soilemetzidis, Konstantinos"]
[Black "Cannesar, Rad"]
[Result "1/2-1/2"]
[WhiteElo "2035"]
[BlackElo "1892"]
[PlyCount "90"]
[EventDate "2016.07.07"]

1. e4 c5 2. Nf3 Nc6 3. b4 Nxb4 4. c3 Nc6 5. d4 g6 6. Bc4 Bg7 7. h4 cxd4 8. cxd4
Qb6 9. Be3 Qb2 10. Nbd2 d6 11. Rb1 Qc3 12. O-O Nh6 13. d5 Ne5 14. Nxe5 Qxe5 15.
Qa4+ Kf8 16. Qa5 Bd7 17. Qc7 Ng4 18. Nf3 Qxe4 19. Qxd7 Nxe3 20. fxe3 Qxe3+ 21.
Kh1 Bf6 22. Ng5 Qd4 23. Rxf6 Qxh4+ 24. Kg1 Qxg5 25. Rf3 Kg7 26. Rbf1 Rhf8 27.
Qxb7 Qe5 28. Bb3 a5 29. Bd1 Rab8 30. Qa7 Rb2 31. Qxa5 Qd4+ 32. Kh1 Qh4+ 33. Rh3
Qc4 34. Qe1 Qxd5 35. Qg3 Rb1 36. Qf4 g5 37. Qg4 h6 38. Qh5 Qe6 39. Rhf3 Qxa2
40. Qg4 Qd5 41. Rf5 Qe6 42. Qf3 Qc4 43. Kh2 Qh4+ 44. Kg1 Qd4+ 45. Kh2 Qh4+
1/2-1/2